Experimentos de simulación en computadoras con modelos de sistemas económicos

Bibliographic Details
Main Author: Naylor, Thomas H
Format: Section = Libro
Language:Undetermined
Spanish
Published: México Limusa 1977
Subjects:
LEADER 00512nam a2200181Ia 4500
008 240829s9999 xx 000 0 und d
020 |a 968-18-0839-8 
040 |a BIBLIOTECA-RUSB/ 519.4 N333 
041 |a spa 
082 |a 519.4 N333 
100 1 |a Naylor, Thomas H 
245 1 0 |a Experimentos de simulación en computadoras con modelos de sistemas económicos 
260 |a México  |b Limusa  |c 1977 
300 |a 510 p. :il. 
650 7 |a COMPUTADORAS-METODOS NUMERICOS 
942 |c BK  |2 ddc 
991 |a TEXTO 
999 |c 1890